[Event "Porzellan-Cup"]
[Site "Dresden"]
[Date "1999.??.??"]
[Round "1.3"]
[White "Shirov, Alexei"]
[Black "Stohl, Igor"]
[Result "1-0"]
[WhiteElo "2720"]
[BlackElo "2540"]

1.e4 c5 2.Nf3 d6 3.d4 cxd4 4.Nxd4 Nf6 5.Nc3 a6 6.Be3 e6 7.g4 h6 8.Bg2 Nc6
9.h3 Qc7 10.f4 Bd7 11.Qe2 Be7 12.O-O-O O-O-O 13.Qf2 Na5 14.Nxe6 Bxe6 15.Bb6 Qc4
16.Bxa5 Rde8 17.Qa7 Qc6 18.f5 Bc4 19.b3 Bb5 20.a4  1-0

[Event "Cataluna Club op"]
[Site "ESP"]
[Date "1999.??.??"]
[Round "?"]
[White "Tejada Gomez, Joan Vicent"]
[Black "Trias Fernandez, Ramon"]
[Result "0-1"]
[WhiteElo "1910"]
[BlackElo "2060"]

1.e4 c5 2.Nf3 d6 3.d4 cxd4 4.Nxd4 Nf6 5.Nc3 a6 6.Be3 e5 7.Nb3 Be6 8.Nd5 Nxd5
9.exd5 Bf5 10.Bd3 Bxd3 11.Qxd3 Be7 12.O-O O-O 13.Rad1 f5 14.Bc1 Nd7 15.Nd2 Nc5
16.Qe2 b5 17.Rfe1 Qe8 18.b3 Qf7 19.Bb2 Bf6 20.Ba3 Rac8 21.c4 Qb7 22.Rb1 b4
23.Bb2 e4 24.Bxf6 Rxf6 25.g4 Rg6 26.Kh1 Rxg4 27.f3 Rh4 28.Rf1 Qe7 29.fxe4 Nxe4
30.Nxe4 Rxe4 31.Qg2 Qe5 32.Rb2 g6 33.Rbf2 Kh8 34.Qg3 Qe7 35.Rg2 Re3 36.Qf4 Re1
37.Kg1 Qe3+ 38.Qxe3 Rxe3 39.Rd2 Kg7 40.Kf2 Re4 41.Ra1 a5 42.a3 a4 43.axb4 axb3
44.Rb1 Rcxc4 45.Rxb3 Rxb4 46.Rxb4 Rxb4 47.Re2 Rd4 48.Re7+ Kh6 49.Kf3 Rxd5
50.h4  0-1

[Event "Cataluna-chT"]
[Site "ESP"]
[Date "1999.??.??"]
[Round "8"]
[White "Vehi Bach, Victor Manuel"]
[Black "Pablo Marin, Alejandro"]
[Result "1/2-1/2"]
[WhiteElo "2430"]
[BlackElo "2455"]

1.e4 c5 2.Nf3 d6 3.d4 cxd4 4.Nxd4 Nf6 5.Nc3 a6 6.Be3 e5 7.Nb3 Be6 8.f4 Ng4
9.Bd2 Qb6 10.Qf3 exf4 11.Qxf4 Nd7 12.Be2 Nge5 13.Be3 Qc7 14.O-O-O Be7 15.Nd4 O-O
16.g4 Rfc8 17.Kb1 b5 18.Nd5 Bxd5 19.exd5 Nf6 20.Bf3 Nxf3 21.Qxf3 Qc4 22.g5 Nxd5
23.Nf5 Qxc2+ 24.Ka1 Qxf5 25.Qxf5 Nxe3 26.Qf4 Nxd1 27.Rxd1 Rc5 28.h4 g6 29.Rf1 Rf5
30.Qc1 Rxf1 31.Qxf1 Rc8 32.Kb1 Rc5 33.Qf3 d5 34.Qe3 Bf8 35.b3 a5 36.Qe5 b4
37.Qd4 Bd6 38.Qf6 Bf8 39.Qd4 Bd6 40.Qf6  1/2-1/2

[Event "Euskadi-ch13"]
[Site "Euskadi"]
[Date "1999.??.??"]
[Round "3"]
[White "Criado, F."]
[Black "Arrupe, JR."]
[Result "1/2-1/2"]
[WhiteElo "1850"]
[BlackElo "2115"]

1.e4 c5 2.Nf3 d6 3.d4 cxd4 4.Nxd4 Nf6 5.Nc3 a6 6.Be3 e5 7.Nb3 Be6 8.Be2 Qc7
9.O-O Nbd7 10.Qd2 Nb6 11.Bxb6 Qxb6 12.Kh1 Qc6 13.f3 Be7 14.Rfd1 O-O 15.Nd5 Bxd5
16.exd5 Qd7 17.c4 Nh5 18.Qe3 Nf4 19.Bf1 Bg5 20.Nd2 Bh6 21.Qb6 a5 22.Qf2 f5
23.g3 Nh5 24.Qe2 Nf6 25.Bh3 g6 26.Ne4 Qc7 27.Nxf6+ Rxf6 28.Rab1 Qc5 29.b3 Rff8
30.g4 fxg4  1/2-1/2

[Event "Oberliga Nord O9899"]
[Site "GER"]
[Date "1999.??.??"]
[Round "?"]
[White "Zezulkin, Jurij"]
[Black "Sarbok, Torsten"]
[Result "1/2-1/2"]
[WhiteElo "2505"]
[BlackElo "2265"]

1.e4 c5 2.Nf3 d6 3.d4 cxd4 4.Nxd4 Nf6 5.Nc3 a6 6.Be3 Ng4 7.Bg5 h6 8.Bh4 g5
9.Bg3 Bg7 10.h4 Nc6 11.Nb3 Be6 12.Qd2 Rg8 13.hxg5 hxg5 14.Be2 Rc8 15.Rh5 Bxc3
16.bxc3 Nf6 17.Rxg5 Rxg5 18.Qxg5 Nxe4 19.Qg7  1/2-1/2

[Event "Oberliga Nord O9899"]
[Site "GER"]
[Date "1999.??.??"]
[Round "?"]
[White "Schoewel, Matthias"]
[Black "Kimpinsky, Frank"]
[Result "0-1"]
[WhiteElo "2235"]
[BlackElo "2255"]

1.e4 c5 2.Nf3 d6 3.d4 cxd4 4.Nxd4 Nf6 5.Nc3 a6 6.Be3 e5 7.Nb3 Nbd7 8.Be2 Be7
9.a4 b6 10.O-O Bb7 11.Bf3 Rc8 12.Qe2 O-O 13.Rfd1 Rc7 14.Rd2 Qa8 15.a5 b5
16.Bb6 Rc4 17.Re1 Rfc8 18.Qd3 Bc6 19.g4 h6 20.Rde2 Qb7 21.Qe3 b4 22.Nd2 Nxb6
23.axb6 Rd4 24.Na2 Nd7 25.Qb3 Nc5  0-1

[Event "DDMM (Women)"]
[Site "Germany"]
[Date "1999.??.??"]
[Round "3.1"]
[White "Virnik, Elena"]
[Black "Buervenich, Silvia"]
[Result "1/2-1/2"]
[WhiteElo "2160"]
[BlackElo "2185"]

1.e4 c5 2.Nf3 d6 3.d4 cxd4 4.Nxd4 Nf6 5.Nc3 a6 6.Be3 e5 7.Nb3 Be6 8.f3 Be7
9.Qd2 O-O 10.O-O-O b5 11.g4 b4 12.Nd5 Bxd5 13.exd5 a5 14.Kb1 Nbd7 15.h4 Nb6
16.Bxb6 Qxb6 17.h5 a4 18.Nc1 Ra5 19.Bc4 Rc8 20.b3 axb3 21.cxb3 Nd7 22.g5 f5
23.gxf6 Bxf6 24.Bd3 Nc5 25.Bf5 Rca8 26.h6 g6 27.Qc2 e4 28.Bxe4 Nxe4 29.Qxe4 Be5
30.Rd2 Rf8 31.Re2 Rf4 32.Qe3 Qxe3 33.Rxe3 Rxd5 34.Nd3 Rfd4 35.Nxe5  1/2-1/2

[Event "Gyongyos op"]
[Site "Gyongyos"]
[Date "1999.??.??"]
[Round "3"]
[White "Frink, Ferenc"]
[Black "Szemzo, Lajos"]
[Result "1-0"]
[WhiteElo "2200"]
[BlackElo "2040"]

1.e4 c5 2.Nf3 d6 3.d4 cxd4 4.Nxd4 Nf6 5.Nc3 a6 6.Be3 Nc6 7.Be2 e6 8.Qd2 Qc7
9.O-O-O Be7 10.g4 Nxd4 11.Bxd4 e5 12.Be3 Be6 13.g5 Nd7 14.h4 Nb6 15.f4 exf4
16.Bxf4 Rd8 17.h5 Nc4 18.Bxc4 Qxc4 19.Qh2 b5 20.Rd3 b4 21.b3 Qc6 22.Nd5 Bxd5
23.Rxd5 O-O 24.Qd2 Rc8 25.h6 g6 26.c4 bxc3 27.Qd4 f6 28.Bxd6 Bxd6 29.Rxd6 Qc5
30.Qxc5 Rxc5 31.gxf6 Re5 32.Re1 Kf7 33.Rxa6 Rfe8 34.Kc2 g5 35.a4 g4 36.Ra7+ Kxf6
37.Rxh7 Kg6 38.Rg7+ Kxh6 39.Rxg4 Rh5 40.e5  1-0

[Event "Alfoeld Cup op"]
[Site "Hajduszoboszlo"]
[Date "1999.??.??"]
[Round "7"]
[White "Hajnal, Zoltan"]
[Black "Nagyajtai, Gabor"]
[Result "1-0"]
[WhiteElo "2285"]
[BlackElo "2175"]

1.e4 c5 2.Nf3 d6 3.d4 Nf6 4.Nc3 cxd4 5.Nxd4 a6 6.Be3 e6 7.Qd2 b5 8.f3 b4
9.Na4 d5 10.e5 Nfd7 11.f4 Qa5 12.b3 Nc5 13.Nxc5 Bxc5 14.a3 O-O 15.Be2 Qb6
16.axb4 Qxb4 17.c3 Qb7 18.b4 Bb6 19.O-O Nc6 20.Nb3 f6 21.exf6 Rxf6 22.Bxb6 Qxb6+
23.Kh1 a5 24.b5 Ne7 25.Qd4 Qxd4 26.cxd4 Nf5 27.Rxa5 Rxa5 28.Nxa5 Nxd4 29.Bd3 Bd7
30.b6 Nc6 31.Nxc6 Bxc6 32.Ba6 Rf8 33.Rc1 Ba8 34.Rc8 Rxc8 35.Bxc8 Kf7 36.g3 Kf6
37.Kg2 g5 38.fxg5+ Kxg5 39.b7 Bxb7 40.Bxb7 Kf5 41.Kf3 Ke5 42.Ke3 h5 43.h4 Kf5
44.Ba6 Kg4 45.Kf2 e5 46.Bc8+  1-0

[Event "Hallsberg opJ"]
[Site "Hallsberg"]
[Date "1999.??.??"]
[Round "8"]
[White "Blehm, Pawel"]
[Black "Shishkov, Andrei"]
[Result "1-0"]
[WhiteElo "2428"]
[BlackElo "2335"]

1.e4 c5 2.Nf3 d6 3.d4 Nf6 4.Nc3 cxd4 5.Nxd4 a6 6.Be3 e6 7.g4 h5 8.g5 Ng4
9.Bc1 Qb6 10.h3 Ne5 11.Nb3 g6 12.Qe2 Qc7 13.f4 Ned7 14.Be3 Nc6 15.O-O-O b5
16.Nd4 Bb7 17.Nxc6 Qxc6 18.Bg2 O-O-O 19.a3 Kb8 20.Kb1 Rc8 21.Qf2 Be7 22.Rd2 Qc7
23.Rhd1 Qa5 24.e5 d5 25.Ne4 b4 26.Nf6 Nxf6 27.exf6 Bc5 28.Bxc5 Rxc5 29.axb4 Qxb4
30.Rd4 Qb6 31.c4 Rxc4 32.Qe3 Rxd4 33.Rxd4 Rc8 34.Qd2 Bc6 35.Bf1 Bb5 36.Bxb5 axb5
37.Qb4 Qc5 38.Qd2 Kb7 39.h4 Kb6 40.Rd3 Qg1+ 41.Ka2 Ra8+ 42.Kb3 Qa1 43.Qb4 Qa2+
44.Kc2 Qc4+ 45.Qxc4 bxc4 46.Re3 Kc5 47.Re1 Ra6 48.Re3 Kb4 49.f5 exf5 50.Re7 d4
51.Rxf7 Ra8 52.Rg7 f4 53.Rxg6 Rf8 54.Rg8 Rf7 55.g6 Rxf6 56.Rb8+ Kc5 57.g7 Rg6
58.g8=Q Rxg8 59.Rxg8 Kd5 60.Re8 f3 61.Kd2 f2 62.Rf8  1-0

[Event "Helsinki-ch"]
[Site "Helsinki"]
[Date "1999.??.??"]
[Round "?"]
[White "Pulkkinen, Kari"]
[Black "Lehikoinen, Pertti Ilari"]
[Result "1-0"]
[WhiteElo "2325"]
[BlackElo "2235"]

1.e4 c5 2.Nf3 d6 3.d4 cxd4 4.Nxd4 Nf6 5.Nc3 a6 6.Be3 Ng4 7.Bg5 h6 8.Bh4 g5
9.Bg3 Bg7 10.Qd2 Nc6 11.Nb3 Be6 12.h4 gxh4 13.Rxh4 Nge5 14.O-O-O b5 15.Bxe5 Nxe5
16.Nd4 Bd7 17.Nf5 Bxf5 18.exf5 Rc8 19.Re4 Qa5 20.Kb1 Kf8 21.Nd5 Qxd2 22.Rxd2 e6
23.f6 exd5 24.fxg7+ Kxg7 25.Rxd5 Rcd8 26.a4 f5 27.Red4 Nc6 28.Rd1 bxa4 29.Rxf5 a3
30.bxa3 a5 31.Rd3 Rhe8 32.Rg3+ Kh8 33.Rf6 Rd7 34.Rxh6+ Rh7 35.Rxh7+ Kxh7
36.Bd3+ Kh8 37.Rg6  1-0

[Event "Hessen-ch int"]
[Site "Hessen"]
[Date "1999.??.??"]
[Round "2"]
[White "Falkowski, Wilfried"]
[Black "Nadenau, Oskar"]
[Result "0-1"]
[WhiteElo "1775"]
[BlackElo "2085"]

1.e4 c5 2.Nf3 d6 3.d4 cxd4 4.Nxd4 Nf6 5.Nc3 a6 6.Be3 e6 7.Be2 Qc7 8.f4 b5
9.a3 Bb7 10.Bf3 Nbd7 11.Nb3 Rc8 12.Qe2 Be7 13.Qf2 O-O 14.O-O Nc5 15.Nxc5 dxc5
16.e5 Nd5 17.Nxd5 exd5 18.c3 Rfd8 19.Rac1 f6 20.Bg4 Rb8 21.exf6 gxf6 22.Be6+ Kh8
23.Rfd1 Qc6 24.Bf5 Rg8 25.Bxh7 Rg7 26.Bf5 d4 27.Qh4+ Kg8 28.Qh3 Qxg2+ 29.Qxg2 Rxg2+
30.Kf1 dxe3 31.Re1 Rxh2  0-1

[Event "Hessen-ch int"]
[Site "Hessen"]
[Date "1999.??.??"]
[Round "4"]
[White "Falkowski, Wilfried"]
[Black "Hartmann, Rudi"]
[Result "1/2-1/2"]
[WhiteElo "1775"]
[BlackElo "1780"]

1.e4 c5 2.Nf3 d6 3.d4 cxd4 4.Nxd4 Nf6 5.Nc3 a6 6.Be3 b5 7.a3 Bb7 8.f3 e6
9.Be2 Be7 10.O-O O-O 11.Qe1 Nbd7 12.Nb3 Qc7 13.Qg3 Kh8 14.Rfd1 Ne5 15.Nd2 Rac8
16.f4 Ned7 17.Bd3 Nc5 18.e5 Nd5 19.Nxd5 Bxd5 20.Bxc5 Qxc5+ 21.Kh1 Qc7 22.Ne4 f5
23.exd6 Bxd6 24.Nxd6 Qxd6 25.c3 Rf6 26.Qe3 Rg6 27.Rd2 Rg4 28.Rf1 Rd8 29.Rff2 Qc6
30.Bf1 Kg8 31.Kg1 Rc8 32.g3 Rg6 33.Bg2 Bxg2 34.Rxg2 Rf6 35.Rd4 Rf7 36.Rgd2 Re7
37.Rd6 Qc5 38.Qxc5 Rxc5 39.Rxa6 e5 40.fxe5 Rcxe5 41.Kf2 g5 42.a4 bxa4 43.Rxa4 Rb5
44.b4 Rc7 45.Rd3 Rb8 46.Ra5 Rbc8 47.Rxf5 Rxc3 48.Rxg5+ Kf7 49.Rxc3 Rxc3 50.Rc5 Rb3
51.Rc7+ Kg6 52.Rb7 Rb2+ 53.Kg1 h6 54.b5 Kf6 55.b6 Kg6 56.Rb8 Kg7 57.b7 Kh7
58.Kf1 Rb1+ 59.Ke2 Rb2+ 60.Kd3 Rb1 61.Kc2 Rb6 62.Kc3 Rb1 63.g4 Rb6 64.Kd4 Kg7
65.h4 Rb4+ 66.Kc5 Rb1 67.Rd8 Rxb7 68.Rd4 Rb1 69.Kd5 Re1 70.Re4 Rg1 71.Ke6 Kg6
72.Ke7 Kg7 73.h5 Rg2 74.Ke6 Rg1 75.Rf4 Re1+ 76.Kf5 Rg1 77.Ra4 Rf1+ 78.Ke4 Rf7
79.Ra6 Rf1  1/2-1/2

[Event "Figueira Foz Honra"]
[Site "Honra"]
[Date "1999.??.??"]
[Round "8"]
[White "Saraiva, Tania"]
[Black "Babo, Miguel"]
[Result "0-1"]
[WhiteElo "2025"]
[BlackElo "2000"]

1.e4 c5 2.Nf3 Nf6 3.Nc3 d6 4.d4 cxd4 5.Nxd4 a6 6.Be3 e6 7.Be2 b5 8.a3 Nbd7
9.O-O Bb7 10.f3 Be7 11.Qd2 Rc8 12.g4 h6 13.Kh1 Ne5 14.Bf2 Nexg4 15.fxg4 Rxc3
16.Bd3 Bxe4+ 17.Bxe4 Nxe4 18.Qe2 Qa8 19.Nf3 Ng5 20.bxc3 Nxf3 21.Bg3 Nd2+
22.Kg1 Nxf1 23.Qxf1 Qe4 24.a4 O-O 25.axb5 axb5 26.Qxb5 Qxg4 27.Rf1 Bg5 28.Qd3 d5
29.Rf3 Qe4 30.Qd1 Ra8 31.Rf1 Ra2  0-1

[Event "HUN-chT9899"]
[Site "HUN"]
[Date "1999.??.??"]
[Round "?"]
[White "Kiss, Gedeon"]
[Black "Mihalik, Agoston"]
[Result "0-1"]
[WhiteElo "2235"]
[BlackElo "2090"]

1.e4 c5 2.Nf3 d6 3.d4 cxd4 4.Nxd4 Nf6 5.Nc3 a6 6.Be3 Ng4 7.Bg5 h6 8.Bh4 g5
9.Bg3 Bg7 10.Qd2 Nc6 11.Nb3 Be6 12.O-O-O Rc8 13.Nd5 b5 14.f3 Nge5 15.Bf2 Nc4
16.Bxc4 bxc4 17.Nd4 Bxd5 18.exd5 c3 19.Qe2 cxb2+ 20.Kb1 Nb4 21.Rhe1 O-O 22.Nc6 Rxc6
23.dxc6 Nxa2 24.Rd3 Nc3+ 25.Rxc3 Bxc3 26.Qxa6 Qa8  0-1

[Event "HUN-chT9899"]
[Site "HUN"]
[Date "1999.??.??"]
[Round "?"]
[White "Balogh, Csaba"]
[Black "Varadi, Viktor"]
[Result "1-0"]
[WhiteElo "2155"]
[BlackElo "2150"]

1.e4 c5 2.Nf3 d6 3.d4 cxd4 4.Nxd4 Nf6 5.Nc3 a6 6.Be3 e6 7.g4 h6 8.Qf3 e5
9.Nf5 g6 10.Nxh6 Rxh6 11.g5 Rh7 12.gxf6 Be6 13.O-O-O Nd7 14.Bg5 b5 15.h4 Qa5
16.Kb1 Nc5 17.Bh3 b4 18.Nd5 Rc8 19.Bxe6 Nxe6 20.Qb3 Nc5 21.Qc4 Kd7 22.f3 Na4
23.Qxb4 Qxb4 24.Nxb4 Rb8 25.Bd2 Bh6 26.Nd3 Bxd2 27.Rxd2 Ke6 28.b3 Kxf6 29.c4 Nb6
30.Kc2 Rhh8 31.Nb4 a5 32.Nc6  1-0

[Event "HUN-chT29899"]
[Site "HUN"]
[Date "1999.??.??"]
[Round "?"]
[White "Pinter, Gabor"]
[Black "Juhasz, Laszlo"]
[Result "1-0"]
[WhiteElo "2135"]
[BlackElo "2195"]

1.e4 c5 2.Nf3 d6 3.d4 cxd4 4.Nxd4 Nf6 5.Nc3 a6 6.Be3 Ng4 7.Bg5 h6 8.Bh4 g5
9.Bg3 Bg7 10.Qd2 Nc6 11.Nb3 Be6 12.f3 Nge5 13.Nd5 Ng6 14.O-O-O Rc8 15.Bf2 Bxd5
16.exd5 Nce5 17.Bd4 Qc7 18.c3 Nc4 19.Bxc4 Bxd4 20.Bxa6 Qb6 21.Qxd4 Qxa6 22.Kb1 Ne5
23.g3 Rc4 24.Qe3 Ra4 25.Nc1 Kd7 26.Rhe1 Ra8 27.Rd4 Qb5 28.f4 Ng6 29.Qe4 R8a5
30.Rxa4 Rxa4 31.Qf5+ Kd8 32.Qxf7 Qe8 33.Qf5 gxf4 34.b3 Ra5  1-0

[Event "HUN-chT29899"]
[Site "HUN"]
[Date "1999.??.??"]
[Round "?"]
[White "Varga, Csaba"]
[Black "Bordas, Gyula"]
[Result "1-0"]
[WhiteElo "2145"]
[BlackElo "2165"]

1.e4 c5 2.Nf3 d6 3.d4 cxd4 4.Nxd4 Nf6 5.Nc3 a6 6.Be3 Ng4 7.Bg5 h6 8.Bh4 g5
9.Bg3 Nc6 10.Nxc6 bxc6 11.Be2 h5 12.h3 Nf6 13.e5 h4 14.Bh2 Nd5 15.Nxd5 cxd5
16.Qxd5 Be6 17.Qd2 Bg7 18.c3 dxe5 19.Qxd8+ Rxd8 20.Bxa6 O-O 21.a4 Ra8 22.Bb5 Rfc8
23.f3 Bc4 24.Kd2 Bxb5 25.axb5 Rab8 26.Ra5 Rc5 27.Rha1 f5 28.b4 Rd5+ 29.Kc2 Kf7
30.b6 Ke6 31.c4 Rd4 32.c5 Rxb4 33.Kc3 Rd4 34.Bg1 Rdd8 35.Kc4 e4 36.Re1 Kd7
37.fxe4 f4 38.Ra7+ Ke6 39.c6 Rd2 40.c7 Rc2+ 41.Kb5 Rb2+ 42.Kc6 Rh8 43.b7 Rc2+
44.Bc5 Kf7 45.e5  1-0

[Event "HUN-chT29899"]
[Site "HUN"]
[Date "1999.??.??"]
[Round "?"]
[White "Barta, Jozsef"]
[Black "Meszaros, Ignac"]
[Result "1-0"]
[WhiteElo "2150"]
[BlackElo "2240"]

1.e4 c5 2.Nf3 d6 3.d4 cxd4 4.Nxd4 Nf6 5.Nc3 a6 6.Be3 e6 7.Be2 Be7 8.O-O Qc7
9.f4 Nc6 10.Bf3 O-O 11.Nb3 Nd7 12.Qe2 b5 13.f5 Nde5 14.a3 Nc4 15.Rab1 Nxe3
16.Qxe3 Ne5 17.Be2 Nc4 18.Bxc4 Qxc4 19.Qg3 Bf6 20.fxe6 Bxc3 21.exf7+ Rxf7
22.bxc3 Rxf1+ 23.Rxf1 Qxe4 24.Re1 Qxc2 25.Qf3 Bb7 26.Qxb7 Rf8 27.Qd5+ Kh8
28.Nd2 Qg6 29.Nf3 h6 30.Qe4 Qf6 31.Qc6 Qg6 32.Kf2 Qf6 33.Qxa6 Qh4+ 34.Kg1  1-0

[Event "HUN-chT29899"]
[Site "HUN"]
[Date "1999.??.??"]
[Round "?"]
[White "Soos, Arpad"]
[Black "Boricsev, Oleg"]
[Result "1-0"]
[WhiteElo "2405"]
[BlackElo "2375"]

1.e4 c5 2.Nf3 d6 3.d4 cxd4 4.Nxd4 Nf6 5.Nc3 a6 6.Be3 e5 7.Nb3 Be6 8.Qd2 Be7
9.f3 Nbd7 10.O-O-O b5 11.g4 b4 12.Na4 d5 13.g5 Nxe4 14.fxe4 d4 15.Nxd4 exd4
16.Qxd4 Bxg5 17.Bxg5 Qxg5+ 18.Kb1 O-O 19.Qxb4 Rfb8 20.Qd4 Qa5 21.Nc3 Nc5
22.Rg1 g6 23.Rg5 f5 24.Bc4 Rb4 25.Bxe6+ Nxe6 26.Qf6 Nxg5 27.Rd7 Rxb2+ 28.Kxb2 Qb4+
29.Ka1 Qf8 30.Qxg5 Qc8 31.Qd2  1-0

[Event "HUN-chT29899"]
[Site "HUN"]
[Date "1999.??.??"]
[Round "?"]
[White "Szabo, Zsolt Jozsef"]
[Black "Barczay, Laszlo"]
[Result "0-1"]
[WhiteElo "2405"]
[BlackElo "2405"]

1.e4 c5 2.Nf3 d6 3.d4 cxd4 4.Nxd4 Nf6 5.Nc3 a6 6.Be3 e6 7.Be2 Qc7 8.O-O b6
9.f4 Bb7 10.Bh5 g6 11.Bf3 e5 12.Nb3 Nbd7 13.Qe1 Bg7 14.Qh4 h6 15.fxe5 dxe5
16.Be2 Qd8 17.Bf3 Rc8 18.Rad1 Qe7 19.Rd2 b5 20.Rfd1 Bc6 21.a3 b4 22.axb4 Qxb4
23.Qh3 O-O 24.Ra1 Bb5 25.Ra3 Rxc3  0-1

[Event "HUN-chT29899"]
[Site "HUN"]
[Date "1999.??.??"]
[Round "?"]
[White "Szabo, Zsolt Jozsef"]
[Black "Haag, Ervin"]
[Result "0-1"]
[WhiteElo "2405"]
[BlackElo "2335"]

1.e4 c5 2.Nf3 d6 3.d4 cxd4 4.Nxd4 Nf6 5.Nc3 a6 6.Be3 e5 7.Nb3 Be6 8.f3 Nbd7
9.Qd2 b5 10.a4 b4 11.Nd5 Bxd5 12.exd5 Nb6 13.Bxb6 Qxb6 14.a5 Qb7 15.Bc4 Be7
16.Ra4 Rb8 17.Qd3 Ra8 18.O-O O-O 19.Nc1 Nd7 20.Qd2 e4 21.fxe4 Qc7 22.Qe2 Bf6
23.Ra2 Rfe8 24.Nb3 Nc5 25.Nxc5 Qxc5+ 26.Kh1 Re7 27.Bd3 h6 28.Qf2 Bd4 29.Qd2 Rb7
30.Qe2 Be5 31.g3 b3 32.cxb3 Rxb3 33.Bxa6 Re3 34.Qc4 Rxa6 35.Qxa6 Qc2 36.Qc6 Qxe4+
37.Kg1 Bd4 38.Qc8+ Kh7 39.Qf5+ Qxf5 40.Rxf5 Ra3+  0-1

[Event "HUN-chT9899"]
[Site "HUN"]
[Date "1999.??.??"]
[Round "?"]
[White "Medvegy, Zoltan"]
[Black "Varga, Peter"]
[Result "1/2-1/2"]
[WhiteElo "2370"]
[BlackElo "2445"]

1.e4 c5 2.Nf3 d6 3.d4 cxd4 4.Nxd4 Nf6 5.Nc3 a6 6.Be3 e6 7.g4 h6 8.Bg2 Nc6
9.Nxc6 bxc6 10.e5 Nd5 11.Nxd5 cxd5 12.c4 dxe5 13.cxd5 Bb4+ 14.Kf1 O-O 15.a3 Bd6
16.dxe6 Bxe6 17.Bd5 Qe8 18.Be4 Rd8 19.Qf3 Qb5+ 20.Kg2 Bc5 21.Bxc5 Qxc5 22.Rhd1 a5
23.h3 Rd4 24.Rac1 Qb6 25.Rxd4 Qxd4 26.Rc3 Rb8 27.Qd3 Qb6 28.Rc2 Rd8 29.Qe3 Rd4
30.Rd2 g5 31.Rxd4 exd4 32.Qd2 Bc4 33.b4 a4 34.f4 Qf6 35.fxg5 hxg5 36.Qf2 Qd8
37.Qf5 Kg7 38.Qh7+ Kf6 39.Qf5+ Kg7 40.Qh7+ Kf6  1/2-1/2

[Event "HUN-chT29899"]
[Site "HUN"]
[Date "1999.??.??"]
[Round "?"]
[White "Horvath, Andras"]
[Black "Kosztolanczi, Gyula"]
[Result "1-0"]
[WhiteElo "2250"]
[BlackElo "2150"]

1.e4 c5 2.Nf3 d6 3.d4 cxd4 4.Nxd4 Nf6 5.Nc3 a6 6.Be3 Ng4 7.Bg5 h6 8.Bh4 g5
9.Bg3 Bg7 10.Be2 Ne5 11.Qd2 Nbc6 12.Nb3 b5 13.Rb1 b4 14.Nd5 a5 15.O-O e6
16.f4 exd5 17.fxe5 dxe5 18.exd5 Ne7 19.Bb5+ Bd7 20.Bxd7+ Qxd7 21.d6 Nf5 22.Rbd1 Nxg3
23.hxg3 Qa7+ 24.Qf2 Qxf2+ 25.Rxf2 O-O 26.g4 h5 27.gxh5 f5 28.d7 e4 29.Nxa5 f4
30.Nc6 Bf6 31.b3 e3 32.Re2 Kg7 33.Nxb4 Kh6 34.c4 Be7 35.Nc6 Bf6 36.c5 Kxh5
37.Nd4 g4 38.Ne6 f3 39.gxf3 Rg8 40.f4 Bh4 41.c6 g3 42.Kg2 Kg4 43.c7 Rh8 44.c8=Q Raxc8
45.dxc8=Q Rxc8 46.Rd3  1-0

[Event "Godal mem"]
[Site "HUN"]
[Date "1999.??.??"]
[Round "2"]
[White "Hajnal, Zoltan"]
[Black "Pap, Janos"]
[Result "1/2-1/2"]
[WhiteElo "2300"]
[BlackElo "2145"]

1.e4 c5 2.Nf3 d6 3.d4 cxd4 4.Nxd4 Nf6 5.Nc3 a6 6.Be3 Ng4 7.Bc1 Qb6 8.Nd5 Qd8
9.f3 Ne5 10.Be3 e6 11.Nc3 Nbc6 12.Qd2 Be7 13.O-O-O Qc7 14.Kb1 b5 15.f4 Ng4
16.Bg1 Bb7 17.Be2 Nf6 18.Bf3 Rc8 19.Rc1 O-O 20.g4 Nxd4 21.Qxd4 e5 22.Qe3 exf4
23.Qxf4 b4 24.Ne2 Nd7 25.Bd4 Ne5 26.Ng3 g6 27.b3 a5 28.h4 a4 29.Rhg1  1/2-1/2

[Event "Godal mem"]
[Site "HUN"]
[Date "1999.??.??"]
[Round "9"]
[White "Halasz, Ferenc"]
[Black "Mede, Istvan"]
[Result "1-0"]
[WhiteElo "2090"]
[BlackElo "2150"]

1.e4 c5 2.Nf3 d6 3.d4 cxd4 4.Nxd4 Nf6 5.Nc3 a6 6.Be3 e5 7.Nb3 Be7 8.Be2 O-O
9.O-O Be6 10.Kh1 b5 11.f4 Nbd7 12.f5 Bc4 13.Bxc4 bxc4 14.Nd2 Qc7 15.Qe2 Rac8
16.g4 h6 17.h4 d5 18.g5 d4 19.gxf6 Nxf6 20.Rg1 Kh8 21.Qg2 Rg8 22.Bg5 dxc3
23.bxc3 hxg5 24.hxg5 g6 25.gxf6 Bxf6 26.fxg6 Rxg6 27.Qh3+ Kg7 28.Rxg6+ fxg6
29.Qe6 Rh8+ 30.Kg2 Rh4 31.Rf1 Qd8 32.Rf2 a5 33.Nxc4 Rxe4 34.Nd6 Rg4+ 35.Qxg4 Qxd6  1-0

[Event "Balaton op"]
[Site "Hungary"]
[Date "1999.??.??"]
[Round "2"]
[White "Kovacs, Robert"]
[Black "D'Albini, Geza"]
[Result "1/2-1/2"]
[WhiteElo "2065"]
[BlackElo "2200"]

1.e4 c5 2.Nf3 d6 3.d4 cxd4 4.Nxd4 Nf6 5.Nc3 a6 6.Be3 e6 7.Qd2 Be7 8.f3 b5
9.O-O-O Bb7 10.g4 Qc7 11.h4 Nc6 12.Nxc6 Bxc6 13.g5 Nd7 14.Bf4 Ne5 15.Bxe5 dxe5
16.Bd3 Bb4 17.a3 Bc5 18.b4 Bd4 19.Ne2 Bb6 20.h5 Qa7 21.Kb2 Be3 22.Qc3  1/2-1/2

[Event "Balaton op"]
[Site "Hungary"]
[Date "1999.??.??"]
[Round "4"]
[White "Kovacs, Milan"]
[Black "Fliszar, Dezso"]
[Result "0-1"]
[WhiteElo "2075"]
[BlackElo "2010"]

1.e4 c5 2.Nf3 d6 3.d4 cxd4 4.Nxd4 Nf6 5.Nc3 a6 6.Be3 e6 7.Be2 Qc7 8.O-O Nc6
9.f4 Be7 10.Bf3 Nxd4 11.Bxd4 e5 12.Be3 b5 13.Nd5 Nxd5 14.exd5 exf4 15.Bxf4 O-O
16.Qd2 Bf5 17.Rf2 Rac8 18.c3 Bf6 19.Raf1 Bg6 20.Bg4 Rce8 21.Kh1  0-1

[Event "Balaton op"]
[Site "Hungary"]
[Date "1999.??.??"]
[Round "6"]
[White "Erdelyi, Zombor"]
[Black "Horvath, Jeno Kalman"]
[Result "1/2-1/2"]
[WhiteElo "2115"]
[BlackElo "2165"]

1.e4 c5 2.Nf3 d6 3.d4 cxd4 4.Nxd4 Nf6 5.Nc3 a6 6.Be3 Ng4 7.Bg5 h6 8.Bh4 g5
9.Bg3 Bg7 10.Be2 Ne5 11.h4 Nbc6 12.Nb3 g4 13.a4 Be6 14.Nd5 h5 15.O-O Ng6
16.c3 Be5 17.Bxe5 Ncxe5 18.g3 Bd7 19.Nd4 e6 20.Ne3 Qc7 21.Qd2 Bc6 22.Nxc6 Qxc6
23.Qd4 Qc5 24.Qd2 Qc6 25.Qd4 Qc5 26.Qd2  1/2-1/2

[Event "Kharkov"]
[Site "Kharkov"]
[Date "1999.??.??"]
[Round "5"]
[White "Shovunov, Baatr"]
[Black "Jobava, Baadur"]
[Result "0-1"]
[WhiteElo "2452"]
[BlackElo "2230"]

1.e4 c5 2.Nf3 d6 3.d4 cxd4 4.Nxd4 Nf6 5.Nc3 a6 6.Be3 Ng4 7.Bg5 h6 8.Bh4 g5
9.Bg3 Bg7 10.Be2 h5 11.Bxg4 Bxg4 12.f3 Bd7 13.Bf2 Nc6 14.Qd2 Ne5 15.b3 Qa5
16.Nd5 Qxd2+ 17.Kxd2 Rd8 18.c3 e6 19.Nb6 Bc6 20.Kc2 Ng6 21.Rad1 h4 22.Be3 Bf6
23.Rd2 Be7 24.Rhd1 h3 25.g3 Ne5 26.Nxc6 bxc6 27.Bd4 Nxf3 28.Bxh8 Nxd2 29.Rxd2 f6
30.Nc4 Kf7 31.Bxf6 Kxf6 32.e5+ dxe5 33.Rf2+ Kg7 34.Nxe5 Bc5 35.Rf7+ Kg8 36.Rf3 Rd5
37.Ng4 Kg7 38.b4 Ba7 39.a4 Rf5 40.Rd3 Kg6 41.Rd7 Kh5 42.Rxa7 Kxg4 43.Rxa6 Rf2+
44.Kb3 Rxh2 45.Ra8 Rh1 46.Rh8 Kxg3 47.a5 h2 48.Kb2 Rf1 49.c4 h1=Q 50.Rxh1 Rxh1
51.b5 cxb5 52.cxb5 Rh8 53.b6 Rb8 54.Kc3 Kh3  0-1

[Event "Kharkov"]
[Site "Kharkov"]
[Date "1999.??.??"]
[Round "9"]
[White "Sumets, Andrey"]
[Black "Jobava, Baadur"]
[Result "1-0"]
[WhiteElo "2434"]
[BlackElo "2230"]

1.e4 c5 2.Nf3 d6 3.d4 cxd4 4.Nxd4 Nf6 5.Nc3 a6 6.Be3 Ng4 7.Bg5 h6 8.Bh4 g5
9.Bg3 Bg7 10.Be2 h5 11.Bxg4 Bxg4 12.f3 Bd7 13.Bf2 Nc6 14.O-O Ne5 15.Nf5 Bxf5
16.exf5 Rc8 17.Qd2 Bh6 18.Nd5 Rc6 19.Rad1 f6 20.Qe2 Qc8 21.f4 gxf4 22.Qxh5+ Kd7
23.Qe2 Rxc2 24.Nb6+ Kd8 25.Rc1 Rxc1 26.Nxc8 Rxc8 27.Qe4 Rc6 28.Bd4 Bg5 29.Bc3 Ng4
30.Re1 Rh7 31.Ba5+ Ke8 32.Bd2 Ne5 33.Bxf4 Bxf4 34.Qxf4 Rg7 35.Qe4 Rg4 36.Qe2 d5
37.Qd1 Re4 38.Rxe4 dxe4 39.Kf2 Rc1 40.Qa4+ b5 41.Qxe4 Rc4 42.Qa8+ Kf7 43.Qxa6 Rc2+
44.Kg3 Rxb2 45.h4 b4 46.h5 Rc2 47.Qe6+ Kf8 48.Qd5 Rc3+ 49.Kh4 Rc1 50.g3 Kg7
51.Kh3 Nf7 52.Qb3 Ng5+ 53.Kg2 Kh6 54.g4 Kg7 55.Qxb4 Rc2+ 56.Kf1 Kf8 57.Qb8+ Kg7
58.Qe8 Rxa2 59.Qxe7+ Kg8 60.Qe8+ Kg7 61.Qg6+ Kf8 62.Qxf6+ Nf7 63.g5 Rd2 64.g6 Rd1+
65.Ke2 Rd7 66.gxf7 Rd2+ 67.Ke3 Re2+ 68.Kd4 Rd2+ 69.Kc4 Rc2+ 70.Qc3 Rxc3+
71.Kxc3 Kxf7 72.Kd4 Kf6 73.h6  1-0

[Event "Kharkov"]
[Site "Kharkov"]
[Date "1999.??.??"]
[Round "12"]
[White "Zatonskih, Anna"]
[Black "Gasanov, Eldar"]
[Result "1/2-1/2"]
[WhiteElo "2326"]
[BlackElo "2369"]

1.e4 c5 2.Nf3 Nf6 3.Nc3 d6 4.d4 cxd4 5.Nxd4 a6 6.Be3 e6 7.a4 Nc6 8.Be2 Be7
9.O-O O-O 10.Kh1 Re8 11.f4 Qc7 12.Qe1 Nxd4 13.Bxd4 e5 14.fxe5 dxe5 15.Qg3 Bd8
16.Be3 Kh8 17.Rad1 Be6 18.Bg5 Ng8 19.Be3 Nf6 20.Bg5 Ng8 21.Be3 Be7 22.Bg4 Nf6
23.Bxe6 fxe6 24.Bg5 Rad8 25.h3 Nh5 26.Qg4 Bxg5 27.Qxh5 Bf6 28.Rd3 Rd7 29.Rfd1 Rd4
30.Ne2  1/2-1/2

[Event "EU-ch02 blind "]
[Site "Krynica"]
[Date "1999.??.??"]
[Round "2"]
[White "Jatshyschin, Iwan"]
[Black "Cabarkapa, Milenko"]
[Result "1-0"]
[WhiteElo "1800"]
[BlackElo "2225"]

1.e4 c5 2.Nf3 d6 3.d4 cxd4 4.Nxd4 Nf6 5.Nc3 a6 6.Be3 e5 7.Nb3 Be6 8.Qd2 Nbd7
9.f3 h5 10.a4 Rc8 11.a5 Qc7 12.Be2 Be7 13.O-O O-O 14.h3 Bc4 15.Rfd1 Bxe2
16.Qxe2 Qc4 17.Qf2 Rc7 18.Nd2 Qe6 19.Nf1 Rfc8 20.Rd2 Rc4 21.Ng3 g6 22.Nd5 h4
23.Nxe7+ Qxe7 24.Nf1 Nh5 25.c3 R4c6 26.Rad1 Nf8 27.f4 exf4 28.Bxf4 Nxf4 29.Qxf4 Ne6
30.Qg4 Nc5 31.Rd4 Re8 32.Ne3 Qe6 33.Qxh4 Nxe4 34.Nd5 Kg7 35.Nf4 Qe7 36.Qg4 Nf6
37.Qf3 Rc5 38.Rb4 Rxa5 39.Rxb7 Qe5  1-0